Anatomía humana.
Guardado en:
| Autor principal: | |
|---|---|
| Otros Autores: | |
| Formato: | Desconocido |
| Publicado: |
Ciudad Autónoma de Buenos Aires, Argentina:
Médica Panamericana,
2019.
|
| Edición: | 5.ª edición. |
| Materias: | |
| Etiquetas: |
Agregar Etiqueta
Sin Etiquetas, Sea el primero en etiquetar este registro!
|
MARC
| LEADER | 00000 a2200000 4500 | ||
|---|---|---|---|
| 003 | CL-VaPUC | ||
| 005 | 20250410110342.0 | ||
| 008 | 250121t2019 ||||| |||| 00| 0 eng d | ||
| 999 | |c 445804 |d 445802 | ||
| 020 | |a 978-950-06-9588-6 (t.1) | ||
| 020 | |a 978-950-06-9576-3 (O.C) | ||
| 040 | |c Pontificia Universidad Católica de Valparaíso | ||
| 082 | 7 | |a 611 LAT 2019 |2 22 | |
| 100 | |a Latarjet, Michel |9 497217 |e autor | ||
| 245 | |a Anatomía humana. | ||
| 250 | |a 5.ª edición. | ||
| 260 | |a Ciudad Autónoma de Buenos Aires, Argentina: |b Médica Panamericana, |c 2019. | ||
| 300 | |a 2 tomos. | ||
| 583 | |k GC |c 20250121 | ||
| 650 | |a Cuerpo humano |x Anatomía |9 895679 | ||
| 650 | |a Anatomía humana |9 269546 | ||
| 700 | |a Ruiz Liard, Alfredo |9 374653 |e autor | ||
| 942 | |2 ddc |c BK | ||
| 952 | |0 0 |1 0 |2 ddc |4 0 |6 611_000000000000000_LAT_2019 |7 0 |8 A |9 599671 |a BIBCUR |b BIBCUR |d 2025-01-21 |e 3 |g 78200.00 |h t.1 |i 5664653 |o 611 LAT 2019 |p 5664653 |r 2025-01-21 |t 2 |v 78200.00 |w 2025-01-21 |y BK |k KIN | ||
| 952 | |0 0 |1 0 |2 ddc |4 0 |6 611_000000000000000_LAT_2019 |7 0 |8 A |9 599672 |a BIBCUR |b BIBCUR |d 2025-01-21 |e 3 |g 78200.00 |h t.1 |i 5664652 |l 1 |o 611 LAT 2019 |p 5664652 |r 2025-04-22 |s 2025-04-22 |t 1 |v 78200.00 |w 2025-01-21 |y BK |k KIN | ||